Derecho sindical chileno

Guardat en:
Dades bibliogràfiques
Autor principal: Rojas Miño, Irene (autora)
Format: Desconegut
Publicat: Santiago, Chile: Thomson Reuters; Legal Publishing, 2024.
Edició:1ª edición
Col·lecció:Colección Tratados y Manuales
Matèries:
Etiquetes: Afegir etiqueta
Sense etiquetes, Sigues el primer a etiquetar aquest registre!

MARC

LEADER 00000 a2200000 4500
003 CL-VaPUC
005 20250314153028.0
008 240722t2024 ||||| |||| 00| 0 eng d
999 |c 444219  |d 444217 
020 |a 978-956-400-524-9 
040 |c Pontificia Universidad Católica de Valparaíso 
082 7 |2 22  |a 344.830188 ROJ 2024 
100 |a Rojas Miño, Irene  |e autora  |9 896881 
245 |a Derecho sindical chileno 
250 |a 1ª edición 
260 |a Santiago, Chile:  |b Thomson Reuters;  |b Legal Publishing,  |c 2024. 
300 |a 468 páginas 
490 |a Colección Tratados y Manuales 
583 |k Angela Raggi  |c 20240722 
650 0 |9 497312  |a Derecho sindical  |z Chile 
650 0 |9 387480  |a Libertad sindical  |x Uniones sindicales   |x Empleados públicos  |z Chile 
650 0 |9 880588  |a Código del trabajo  |z Chile 
942 |2 ddc  |c BK 
952 |0 0  |1 0  |2 ddc  |4 0  |6 344_830188000000000_ROJ_2024  |7 0  |8 A  |9 595784  |a BIBDER  |b BIBDER  |d 2024-07-19  |e 31  |g 0.00  |i 5662265  |l 2  |m 1  |o 344.830188 ROJ 2024  |p 5662265  |r 2024-11-21  |s 2024-11-06  |t 1  |v 0.00  |w 2024-07-19  |y BK  |k DER